La comedia del arte
Guardat en:
| Autor principal: | |
|---|---|
| Format: | Llibre |
| Publicat: |
Santiago, Chile:
Planeta,
1995.
|
| Edició: | Primera edición. |
| Col·lecció: | Biblioteca del Sur.
|
| Matèries: | |
| Etiquetes: |
Afegir etiqueta
Sense etiquetes, Sigues el primer a etiquetar aquest registre!
|
MARC
| LEADER | 00000nam a22000007a 4500 | ||
|---|---|---|---|
| 003 | CL-VaPUC | ||
| 005 | 20250113125249.0 | ||
| 008 | 241204t1995 ||||| |||| 00| 0 eng d | ||
| 999 | |c 446092 |d 446090 | ||
| 040 | |c Pontificia Universidad Católica de Valparaíso | ||
| 082 | 0 | 4 | |a Ch863 COU 1995 |2 21 |
| 100 | 0 | |a Couve, Adolfo |e autor |9 432076 | |
| 245 | 1 | 3 | |a La comedia del arte |
| 250 | |a Primera edición. | ||
| 260 | |a Santiago, Chile: |b Planeta, |c 1995. | ||
| 300 | |a 154 páginas. | ||
| 490 | 0 | |a Biblioteca del Sur. | |
| 500 | |a c.1. Donación PIIE 2-12-2024. | ||
| 583 | |a last modification |c 19990806 00:00:00 |k Cristina María Rojas Aguilar | ||
| 650 | 0 | |a Novelas chilenas |9 265425 | |
| 942 | |c BK |2 ddc | ||
| 952 | |0 0 |1 0 |2 ddc |4 0 |6 CH_863_000000000000000_COU_1995 |7 0 |8 A |9 598465 |a BIBART |b BIBART |d 2024-12-04 |e Donación |i 5663550 |o Ch863 COU 1995 |p 5663550 |r 2025-03-13 |t 1 |w 2024-12-04 |y BK |k ART | ||